000 00249nam a22001097a 4500
041 _aeng
080 _a80
100 _aСтарец, С. М.
245 _aПотугальско-русский словарь.
650 _aReference
999 _c280702
_d280702
942 _cBK